000
00248nam a22001217a 4500
041
_a
ENG
100
_a
Anwani
245
_a
Banuc Engineering Draeoing
260
_a
Delhi
_b
Dhanpat Rai & Co
_c
1999
300
_a
260
650
_a
FMP
856
_u
FMP
999
_c
514
_d
514